Problems in changing programs in institutions for delinquent children. (Record no. 34396)

MARC details
000 -LEADER
fixed length control field 01038cam a22002531 4500
001 - CONTROL NUMBER
control field hew63000012
003 - CONTROL NUMBER IDENTIFIER
control field DLC
005 - DATE AND TIME OF LATEST TRANSACTION
control field 20260227111512.0
008 - FIXED-LENGTH DATA ELEMENTS--GENERAL INFORMATION
fixed length control field 800529s1962 dcu b f000 0 eng c
010 ## - LIBRARY OF CONGRESS CONTROL NUMBER
LC control number hew63000012
035 ## - SYSTEM CONTROL NUMBER
System control number (OCoLC)6370893
040 ## - CATALOGING SOURCE
Original cataloging agency U.S. Dept. of Health, Education, and Welfare. Library
Transcribing agency ICSU
Modifying agency DLC
042 ## - AUTHENTICATION CODE
Authentication code premarc
050 00 - LIBRARY OF CONGRESS CALL NUMBER
Classification number HV9081
Item number .W42
100 1# - MAIN ENTRY--PERSONAL NAME
Personal name Weber, George H.
245 10 - TITLE STATEMENT
Title Problems in changing programs in institutions for delinquent children.
260 ## - PUBLICATION, DISTRIBUTION, ETC.
Place of publication, distribution, etc. [Washington]
Name of publisher, distributor, etc. U.S. Dept. of Health, Education, and Welfare, Social Security Administration, Children's Bureau; [for sale by the Superintendent of Documents, U.S. Govt. Print. Off.,]
Date of publication, distribution, etc. 1962.
300 ## - PHYSICAL DESCRIPTION
Extent 40 p.
Dimensions 24 cm.
490 1# - SERIES STATEMENT
Series statement United States. Children's Bureau. Publication
Volume/sequential designation no. 397
504 ## - BIBLIOGRAPHY, ETC. NOTE
Bibliography, etc. note Bibliography: p. 39-40.
650 #0 - SUBJECT ADDED ENTRY--TOPICAL TERM
Topical term or geographic name entry element Juvenile detention homes.
740 0# - ADDED ENTRY--UNCONTROLLED RELATED/ANALYTICAL TITLE
Uncontrolled related/analytical title Changing programs in institutions for delinquent children.
830 #0 - SERIES ADDED ENTRY--UNIFORM TITLE
Uniform title Bureau publication (United States. Children's Bureau) ;
Volume/sequential designation no. 397.

No items available.

Powered by Koha